India in world affairs, 1954-56: (Record no. 21836)

MARC details
000 -LEADER
fixed length control field 00948cam a22002771 4500
001 - CONTROL NUMBER
control field 7052665
003 - CONTROL NUMBER IDENTIFIER
control field BDDh-ASL
005 - DATE AND TIME OF LATEST TRANSACTION
control field 20231015030041.0
008 - FIXED-LENGTH DATA ELEMENTS--GENERAL INFORMATION
fixed length control field 770506s1964 ii b 000 0 eng
010 ## - LIBRARY OF CONGRESS CONTROL NUMBER
LC control number sa 65000054
035 ## - SYSTEM CONTROL NUMBER
System control number (OCoLC)2945682
040 ## - CATALOGING SOURCE
Original cataloging agency DLC
Transcribing agency TxBeaL
Modifying agency NSyU
-- DLC
-- BDDh-ASL
042 ## - AUTHENTICATION CODE
Authentication code premarc
050 00 - LIBRARY OF CONGRESS CALL NUMBER
Classification number DS480.84
Item number .R27 1964
082 ## - DEWEY DECIMAL CLASSIFICATION NUMBER
Classification number 327.54
Item number RAI
100 1# - MAIN ENTRY--PERSONAL NAME
Personal name Rajan, Mannaraswamighala Sreeranga.
245 10 - TITLE STATEMENT
Title India in world affairs, 1954-56:
Statement of responsibility, etc. by M. S. Rajan. Issued under the auspices of the Indian Council of World Affairs /
260 ## - PUBLICATION, DISTRIBUTION, ETC.
Place of publication, distribution, etc. Bombay, New York:
Name of publisher, distributor, etc. Asia Pub. House,
Date of publication, distribution, etc. [1964]
300 ## - PHYSICAL DESCRIPTION
Extent xvi, 675 p.
Dimensions 25 cm.
490 1# - SERIES STATEMENT
Series statement India in world affairs,
Volume/sequential designation v.3
504 ## - BIBLIOGRAPHY, ETC. NOTE
Bibliography, etc. note Bibliography: p. 643-665.
651 #0 - SUBJECT ADDED ENTRY--GEOGRAPHIC NAME
Geographic name India
General subdivision Foreign relations.
810 2# - SERIES ADDED ENTRY--CORPORATE NAME
Corporate name or jurisdiction name as entry element Indian Council of World Affairs.
Title of a work India in world affairs ;
Volume/sequential designation v. 3.
906 ## - LOCAL DATA ELEMENT F, LDF (RLIN)
a 7
b cbc
c oclcrpl
d u
e ncip
f 19
g y-gencatlg
942 ## - ADDED ENTRY ELEMENTS (KOHA)
Source of classification or shelving scheme Dewey Decimal Classification
Koha item type Books
Holdings
Withdrawn status Lost status Source of classification or shelving scheme Damaged status Not for loan Collection code Home library Current library Shelving location Date acquired Source of acquisition Total Checkouts Full call number Barcode Date last seen Copy number Price effective from Koha item type
    Dewey Decimal Classification     Non-fiction Asiatic Society Library Asiatic Society Library General Stacks 02/15/2021 ASB Collection   327.54 RAI 105817 02/15/2021 C-1 02/15/2021 Books

Powered by Koha